Statistics for Largest Cities Over Time: 2000 BC to 2000 AD

Click here to take the quiz!

General Stats

  • This quiz has been taken 86 times
  • The average score is 14 of 26

Answer Stats

YearPopulationAnswerCountry% Correct
19006,500,000LondonUnited Kingdom
95%
200026,400,000TokyoJapan
95%
AD 1800,000RomeItaly
93%
400800,000RomeItaly
93%
2001,200,000RomeItaly
93%
18001,100,000BeijingChina
86%
16001,000,000BeijingChina
86%
15001,000,000BeijingChina
86%
1700700,000ConstantinopleTurkey
82%
600600,000ConstantinopleTurkey
82%
200 BC600,000AlexandriaEgypt
67%
800700,000BaghdadIraq
55%
11001,200,000BaghdadIraq
55%
600 BC200,000BabylonIraq
50%
800 BC125,000Haojing (Xi'an)China
38%
1000 BC100,000Haojing (Xi'an)China
38%
1200 BC>50,000MemphisEgypt
38%
2000 BC65,000UrIraq
37%
14001,000,000Jinling (Nanjing)China
29%
1800 BC>25,000ThebesEgypt
26%
1400 BC100,000ThebesEgypt
26%
1000350,000CordobaSpain
24%
400 BC320,000XiaduChina
17%
12001,000,000HangzhouChina
16%
13001,500,000HangzhouChina
16%
1600 BC100,000AvarisEgypt
3%

Score Distribution

Percentile by Number Answered

Percent of People with Each Score

Your Score History

You have not taken this quiz